Statistics for FIFA 22 TOTW 15

Click here to take the quiz!

General Stats

  • This quiz has been taken 8 times
  • The average score is 10 of 23

Answer Stats

ClubPositionRatingAnswer% Correct
ArsenalRM86Bukayo Saka
100%
Real MadridCF91Karim Benzema
100%
ChelseaST89Romelu Lukaku
100%
PSGRB86Achraf Hakimi
86%
SouthamptonCM84James Ward-Prowse
86%
NantesGK84Alban Lafont
71%
Man CityCB87Aymeric Laporte
71%
Inter MilanRWB84Denzel Dumfries
71%
VillarrealST81Boulaye Dia
57%
Istanbul BasaksehirRM84Edin Visca
57%
JuventusRW84Federico Bernardeschi
57%
AjaxRW82Antony
43%
BrightonCB81Dan Burn
29%
OGC NiceLM81Justin Kluivert
29%
FeyenoordCM81Orkun Kokcu
29%
AC MilanCAM86Franck Kessie
14%
ScunthorpeST72Ryan Loft
14%
HuddersfieldRWB74Sorba Thomas
14%
GenkRB81Daniel Munoz
0%
Fatih KaragumrukGK79Emiliano Viviano
0%
ATK Mohun BaganCAM78Hugo Boumous
0%
Al TaiCAM78Knowledge Musona
0%
ToulouseCB75Rasmus Nicolaisen
0%

Score Distribution

Percentile by Number Answered

Percent of People with Each Score

Your Score History

You have not taken this quiz